000 00674nam a22001937a 4500
999 _c177973
_d177973
005 20210311130737.0
010 _aENG-129212
020 _c50.00
035 _aEN-112744
037 _bDBAD/PUB
082 _a920
245 _aKundrakkusi Adigal/
_cSethupathi, Kirungai Translated from Tamil to English by Kannaiyan Daksnamurthy
260 _aNew Delhi
_bSahitya Bhavan
_c2019
270 _bNew Delhi
_aRabindra Bhavan, 35, Ferozeshah Road
_msecretary@sahitya-akademi.gov.in
_e110001
_k011 23386626/27/28
300 _a126p.
_c21cm(pbk)
500 _aMakers of Indian Literature
700 _aDaksnamurthy, Kannaiyan, Tr.
942 _2ddc
_cEN
_h920
_mSET